|
|
|
|
| LEADER |
00000cam a2200000 7i4500 |
| 001 |
0000018581 |
| 005 |
20070124.0 |
| 020 |
|
|
|a 0827371985
|
| 040 |
|
|
|a INS
|
| 090 |
0 |
0 |
|a Z249.3
|b R44 1996
|
| 100 |
1 |
|
|a Romano, Frank J.
|
| 245 |
1 |
0 |
|a Pocket guide to digital prepress
|c Frank J. Romano
|
| 260 |
|
|
|a Albany :
|b Delmar Publishers ,
|c 1996
|
| 300 |
|
|
|a xiii, 336 p. ;
|c 19 cm.
|
| 500 |
|
|
|a Includes bibliographical references
|
| 650 |
0 |
0 |
|a Painting, Practical
|z United States
|x Data processing
|
| 650 |
0 |
0 |
|a Printing plates
|z United States
|x Data processing
|
| 999 |
|
|
|a 0000017999
|b BOOK
|c Open Shelf
|e Default branch
|